000
00243nam a22000857a 4500
008
161207b xxu||||| |||| 00| 0 eng d
100
_9
1932
_a
Navdeep publication
245
_a
Treasure of Knowledge - 5
260
_a
New delhi
_b
Navdeep publication
_c
2006
999
_c
4707
_d
4707